000 00615nam a2200217 i 4500
001 C2-0224216
003 PPAK
005 20180728152827.0
008 000329s1973 ua |||| ||||| | eng d
040 _aPPAK
_beng
_cPPAK
_erda
082 0 4 _a808.83
_223
090 0 0 _a808.83
_bAFR
_dKIH
245 0 0 _aAfro-Asian short stories
_ban anthology
264 1 _aCairo, Egypt :
_bPermanent Bureau of Afro-Asian Writers ,
_c1973
300 _a469 pages ;
_c18 cm
336 _2rdacontent
_atext
337 _2rdamedia
_aunmediated
338 _2rdacarrier
_avolume
650 1 0 _aShort stories, English
942 _ddc
_cB
999 _c145190
_d145190